000 00449nam a2200193Ia 4500
005 20250217053127.0
008 240331s9999 xx 000 0 und d
020 _a0241132711
082 _bFRE
_21110
_a305.4
100 _aFrench, M
245 4 _aThe War Against Women
260 _aLondon
_bHamish Hamilton
_c1992
300 _a229 p.,
650 _aWomen
650 _aDiscrimination
650 _aCultural War
650 _aMen
942 _cL
999 _c1723
_d1723